000
00321nam a2200109Ia 4500
008
200302s9999 xx 000 0 und d
100
_a
Yatin Pandya
245
_a
The Ahmedabad Chronicle Imprints of a Millennium
260
_b
Vastu-Shilpa Foundation for Studies & Research
260
_c
2011
300
_a
184 P.,
999
_c
3206
_d
3206